Bordering Countries by Income Difference (per capita) - Statistics

General Stats
  • This quiz has been taken 170 times
  • The average score is 27 of 34
Answer Stats
Countries % Correct
China
98%
Russia
98%
North Korea
93%
Afghanistan
92%
Iran
92%
South Korea
92%
Kazakhstan
91%
Iraq
90%
Israel
89%
Oman
89%
Saudi Arabia
89%
Syria
89%
Turkey
89%
Turkmenistan
89%
Yemen
89%
Uzbekistan
87%
Kyrgyzstan
86%
Nepal
85%
Lebanon
84%
South Africa
82%
Kuwait
81%
Mozambique
75%
Dominican Republic
74%
Haiti
74%
Zimbabwe
66%
Botswana
65%
Moldova
64%
Romania
64%
Ukraine
62%
Zambia
62%
Poland
60%
Slovakia
51%
Cameroon
32%
Equatorial Guinea
32%
No matching quizzes found
Score Distribution
Percent of People with Each Score
Percentile by Number Answered
Your Score History
You have not taken this quiz